000 00744nam a2200229Ia 4500
003 OSt
005 20220923212758.0
006 a|||||r|||| 00| 0
007 ta
008 220922b |||||||| |||| 00| 0 hin d
024 _a155,779
037 _cTextual
040 _aARTS
_cARTS
_bhin
041 _2hin
_ahin
082 _aO152.d111, K3
100 _aमिश्र, विश्वनाथ
245 0 _aहिन्दी भाषा और साहित्य पर अंग्रेजी प्रभाव
246 _aHindī bhāṣhā aur sāhitya par aangrejī prabhāva
260 _c1963
942 _hO152.d111, K3
_cTEXL
_2CC
999 _c311247
_d311247